000
00250nam a2200109Ia 4500
008
220204s9999 xx 000 0 und d
082
_a
82-3
_b
LEW
100
_a
Lewis, Ted
245
0
_a
Jack Carter'slaw
260
_a
London
_b
Sphere
_c
1978
942
_c
BK
999
_c
33541
_d
33541